| 000 | 01153nam a22003257a 4500 | ||
|---|---|---|---|
| 003 | CHAP | ||
| 005 | 20220329143742.0 | ||
| 008 | 110606s1981 mx a r 00010 spa d | ||
| 010 | _a101423 | ||
| 011 | _a102395 | ||
| 035 | _a113083 | ||
| 040 | _cCHAP | ||
| 082 | 0 | 4 |
_a636.08097224 _bM36 |
| 100 | 1 |
_aMartínez Balboa, Aurelio. _971832 |
|
| 245 | 1 | 3 |
_aLa ganaderia en Baja California Sur _c/por Aurelio Martínez Balboa |
| 260 |
_aLa Paz, B.C.S. : _bEl Autor, _c[1981?] |
||
| 300 |
_av. : _bilus, gráfs. |
||
| 500 | _aLa biblioteca tiene : v.1 | ||
| 590 |
_aBATCH-UPD _b10 _c20130110 _lUCH01 _h0853 |
||
| 590 |
_aBATCH-UPD _b10 _c20130410 _lUCH01 _h0525 |
||
| 590 |
_aBATCH-UPD _b10 _c20130914 _lUCH01 _h1504 |
||
| 590 |
_aCONVERSION _b10 _c20130109 _lUCH01 _h1356 |
||
| 650 | 1 | 4 |
_aGanadería _xAspectos económicos. _944616 |
| 650 | 1 | 4 |
_aGanadería _xBaja California Sur. _944658 |
| 650 | 1 | 4 |
_aGanadería _xHistoria. _944745 |
| 901 | _aBK | ||
| 942 | _cLIBRO | ||
| 949 |
_a636.08097224 M36 _bBC _cLIBRO _d33724002242835 _eLIBRO _fv.1 c.2 _gDonaciØn _h115241 _i113083 _sb |
||
| 949 |
_a636.08097224 M36 _bBC _cLIBRO _d33724002247975 _eLIBRO _fv.1 _h115121 _i113083 _sb |
||
| 999 |
_c101423 _d101423 |
||